Sports Quiz

Random Sports or MLB Quiz

MLB Hit Clubs Quiz Stats

 Plays Quiz not verified by Sporcle

Challenge
Share
Tweet
Embed
Score 0/97 Timer 15:00
0 Plays Today
Club Members % Correct
4,000 Hit Club1. Pete Rose
96.8%
4,000 Hit Club2. Ty Cobb
96.1%
3,000 Hit Club7. Derek Jeter
96.1%
3,500 Hit Club3. Hank Aaron
92.9%
3,500 Hit Club4. Stan Musial
90.3%
3,000 Hit Club12. Willie Mays
90.3%
2,700 Hit Club64. Billy Williams
90.3%
2,500 Hit Club73. Ted Williams
90.3%
3,000 Hit Club28. Roberto Clemente
89.6%
3,000 Hit Club9. Carl Yastrzemski
89%
3,000 Hit Club15. Cal Ripken, Jr.
87.7%
3,000 Hit Club18. Robin Yount
86.4%
2,900 Hit Club32. Alex Rodriguez
85.1%
2,700 Hit Club42. Babe Ruth
85.1%
2,700 Hit Club46. Ivan Rodriguez
85.1%
3,000 Hit Club10. Paul Molitor
84.4%
3,000 Hit Club8. Honus Wagner
83.8%
3,000 Hit Club19. Tony Gwynn
83.8%
3,000 Hit Club21. Craig Biggio
83.8%
2,700 Hit Club60. Lou Gehrig
83.8%
3,000 Hit Club27. Al Kaline
83.1%
2,900 Hit Club33. Barry Bonds
83.1%
3,000 Hit Club16. George Brett
82.5%
2,900 Hit Club31. Frank Robinson
82.5%
2,700 Hit Club45. Brooks Robinson
82.5%
3,000 Hit Club22. Rickey Henderson
81.8%
3,000 Hit Club26. Wade Boggs
81.2%
2,700 Hit Club58. Chipper Jones
81.2%
3,000 Hit Club13. Eddie Murray
80.5%
2,500 Hit Club84. Reggie Jackson
80.5%
3,000 Hit Club6. Cap Anson
78.6%
3,000 Hit Club23. Rod Carew
78.6%
3,000 Hit Club25. Rafael Palmeiro
77.9%
Club Members % Correct
3,000 Hit Club20. Dave Winfield
76.6%
2,500 Hit Club71. Nellie Fox
76.6%
3,500 Hit Club5. Tris Speaker
74.7%
2,900 Hit Club29. Sam Rice
74.7%
2,500 Hit Club75. Jimmie Foxx
74.7%
2,700 Hit Club50. Ken Griffey, Jr.
73.4%
3,000 Hit Club14. Nap Lajoie
72.7%
3,000 Hit Club24. Lou Brock
72.1%
2,500 Hit Club85. Ernie Banks
71.4%
2,500 Hit Club95. Joe Morgan
71.4%
2,700 Hit Club49. Ichiro Suzuki
70.8%
2,500 Hit Club86. Manny Ramirez
70.8%
2,900 Hit Club36. Rogers Hornsby
70.1%
3,000 Hit Club17. Paul Waner
68.8%
2,700 Hit Club41. Mel Ott
68.8%
3,000 Hit Club11. Eddie Collins
67.5%
2,700 Hit Club51. Andre Dawson
66.2%
2,500 Hit Club81. Luis Gonzalez
64.9%
2,500 Hit Club82. Vladimir Guerrero
61.7%
2,900 Hit Club37. Al Simmons
60.4%
2,700 Hit Club57. Tony Perez
60.4%
2,500 Hit Club69. George Davis
58.4%
2,500 Hit Club88. Willie Davis
58.4%
2,700 Hit Club59. Roberto Alomar
57.8%
2,500 Hit Club94. Todd Helton
57.1%
2,500 Hit Club66. Gary Sheffield
56.5%
2,500 Hit Club77. Tim Raines
55.2%
2,900 Hit Club30. Sam Crawford
54.5%
2,700 Hit Club40. Omar Vizquel
54.5%
2,700 Hit Club47. Charlie Gehringer
52.6%
2,500 Hit Club92. Garret Anderson
52.6%
2,500 Hit Club96. Buddy Bell
52.6%
2,700 Hit Club63. Dave Parker
51.9%
Club Members % Correct
2,700 Hit Club48. George Sisler
50%
2,700 Hit Club43. Harold Baines
48.1%
2,500 Hit Club72. Harry Heilmann
48.1%
2,500 Hit Club68. Luis Aparicio
46.1%
2,500 Hit Club79. Steve Garvey
46.1%
2,700 Hit Club54. Luke Appling
43.5%
2,900 Hit Club35. Willie Keeler
42.9%
2,700 Hit Club52. Johnny Damon
42.9%
2,500 Hit Club86. Richie Ashburn
38.3%
2,500 Hit Club90. Adrian Beltre
37.7%
2,500 Hit Club80. Ed Delahanty
35.1%
2,700 Hit Club56. Goose Goslin
33.1%
2,700 Hit Club39. Frankie Frisch
32.5%
2,700 Hit Club38. Zack Wheat
31.2%
2,700 Hit Club61. Rusty Staub
31.2%
2,700 Hit Club55. Al Oliver
29.9%
2,700 Hit Club53. Vada Pinson
28.6%
2,500 Hit Club67. Fred Clarke
28.6%
2,500 Hit Club89. Steve Finley
28.6%
2,700 Hit Club62. Bill Buckner
27.3%
2,500 Hit Club93. Heinie Manush
26%
2,500 Hit Club77. Rabbit Maranville
24.7%
2,500 Hit Club69. Max Carey
23.4%
2,900 Hit Club34. Jake Beckley
20.8%
2,700 Hit Club44. Jesse Burkett
19.5%
2,500 Hit Club83. Julio Franco
17.5%
2,500 Hit Club76. Jim O'Rourke
11.7%
2,500 Hit Club97. Jimmy Ryan
9.7%
2,700 Hit Club65. Doc Cramer
7.1%
2,500 Hit Club74. Lave Cross
7.1%
2,500 Hit Club91. George Van Haltren
7.1%

You're not logged in!

Compare scores with friends on all Sporcle quizzes.
Join for Free
OR
Log In

You Might Also Like...

Show Comments

Extras

Created Aug 4, 2014ReportNominate
Tags:MLB Quiz, club, hit

Top Quizzes Today


Score Distribution

Your Account Isn't Verified!

In order to create a playlist on Sporcle, you need to verify the email address you used during registration. Go to your Sporcle Settings to finish the process.

Report this User

Report this user for behavior that violates our Community Guidelines.

Details: